00810nam a2200217 a 450000100100000000500170001000800410002702000150006804000250008308200160010810000300012424501030015426000500025730000210030750000430032850000410037170000340041204900090044695201200045599900170057500002331020200930022129.0101202s1985 sp r 000 0 spa d a8486335108 aDO-SdBNPbspacBNPHU axxxxbG537r1 aGiudicissi, Romano94799913aLa reencarnación, un impulso social /cRomano Giudicissi ; colaboración Maribel García Polo. aBarcelona :bEnsayos Antroposóficos,c1985. a182 p. ;c21 cm. aIncluye notas al pie de las páginas. aIncluye bibliografía p. [181-182].1 aGarcía Polo, Maribel948000 aBNGR 001054708MOaGRbGRcCTd2010-12-02iLF1l0oxxxx G537rp23310-10r2020-06-25w2020-06-25y4ZPréstamo en sala c22807d22807